Στρατηγικές επιβίωσης και πολυλειτουργικές αγροτικές εκμεταλλεύσεις : η περίπτωση της δημοτικής ενότητας Ορχομενού : πτυχιακή εργασία
Αποθηκεύτηκε σε:
| Κύριος συγγραφέας: | |
|---|---|
| Συγγραφή απο Οργανισμό/Αρχή: | |
| Μορφή: | Thesis Βιβλίο |
| Γλώσσα: | Greek |
| Δημοσίευση: |
2013
|
| Θέματα: | |
| Διαθέσιμο Online: | http://hdl.handle.net/11610/6130 |
| Ετικέτες: |
Προσθήκη ετικέτας
Δεν υπάρχουν, Καταχωρήστε ετικέτα πρώτοι!
|
MARC
| LEADER | 00000cam a2200000 i 4500 | ||
|---|---|---|---|
| 001 | 1/54010 | ||
| 008 | 140827s2013 gre d | ||
| 035 | |l 10118772 | ||
| 040 | |a GR-MY-UA |b gre |e aacr | ||
| 041 | 0 | |a gre | |
| 082 | 0 | |a 338.1 |2 (22) | |
| 100 | 1 | |a Κουτσοθόδωρου, Μαρία. | |
| 245 | 1 | 0 | |a Στρατηγικές επιβίωσης και πολυλειτουργικές αγροτικές εκμεταλλεύσεις : |b η περίπτωση της δημοτικής ενότητας Ορχομενού : πτυχιακή εργασία / |c Κουτσοθόδωρου Μαρία ; επιβλέπων καθηγητής: Κίζος Αθανάσιος |
| 260 | |c 2013 | ||
| 300 | |a 37 σ.; |b εικ., πίν.; |c 30 εκ. | ||
| 502 | |a Πτυχιακή εργασία – Πανεπιστήμιο Αιγαίου, Λέσβος, 2013. | ||
| 504 | |a Περιλαμβάνει βιβλιογραφία | ||
| 650 | 0 | |a Agriculture |z Greece |z Orchomenos (Viotia) | |
| 650 | 0 | |a Farmers |z Greece |z Orchomenos (Viotia) | |
| 650 | 0 | |a Farmers |x Supplementary employment |z Greece |z Orchomenos (Viotia) | |
| 650 | 0 | 0 | |a Agricultural surveys. |
| 650 | 0 | 0 | |a Dissertations, Academic |z Greece. |
| 700 | 1 | |a Κίζος, Αθανάσιος, |e dgs | |
| 710 | 2 | |a Πανεπιστήμιο Αιγαίου. |b Σχολή Κοινωνικών Επιστημών. |b Τμήμα Γεωγραφίας. | |
| 852 | |a INST |b LESVOS |c DIATR |e 20140827 |h 789 |p 005100054721 |q 005100054721 |t DIE |y 23 | ||
| 852 | |a INST |b LESVOS |c DIATR |e 20140827 |h 790 |p 005100054722 |q 005100054722 |t DIE |y 23 | ||
| 856 | |u http://hdl.handle.net/11610/6130 | ||
| 901 | |a BIBL1-2014-2 | ||
| 909 | |a Λ |b 190320 | ||
| 909 | |a Λ |b 190327 | ||
| 924 | |a ΚΟΥΤΣΟΘΟΔΩΡΟΥ |b ΜΑΡΙΑ |y ΛΕΣΒΟΣ |z 2014-01 | ||
| 970 | |a ΤΖΑΦΕΡΗ |b ΕΥΑΓΓΕΛΙΑ |z 2014/08/27 | ||